000 00220nam a2200097Ia 4500
008 190216s9999||||xx |||||||||||||| ||und||
100 _aPunnappra Damodaran
245 0 _aNeethimande Rektham
260 _bNull
942 _cBK
999 _c24761
_d24761